000 00412nam a2200181Ia 4500
001 7516
005 20260306160501.0
008 260306t2006||||xx |||||||||||||| ||spa||
041 _aESP
082 _a339
_bR81
100 _aRomer, David
_eAUT
245 0 _aMacroeconomia avanzada
260 _c2006
300 _axix, 690 páginas :
_c24 cm.
650 _aGEN
654 _aCAN
942 _cLIB
_dJUS
_fJUS
_2ddc
_n
999 _c7516
_d7516